00289nam a22001217a 4500020001400000082001400014100002200028245003600050250001200086260003300098300001000131650002600141 a722072813 a235.2 PEE aPeers, E. Allison aThe Complete Works Of St Teresa aVol- 2  aLondonbSheed And Wardc1972 a420 P aSaints - Christianity